Changing contexts of chinese military strategy and doctrine / (Record no. 101953)

MARC details
000 -LEADER
fixed length control field 00648nam a22001937a 4500
005 - DATE AND TIME OF LATEST TRANSACTION
control field 20160808164830.0
010 ## - LCCN (DPL NO)
LC control number ENG-115675
020 ## - INTERNATIONAL STANDARD BOOK NUMBER
International Standard Book Number 9789382169604
Terms of availability 325.00
035 ## - SYSTEM CONTROL NUMBER
System control number EN-99207
037 ## - SOURCE OF ACQUISITION
Source of stock number/acquisition DBAD/PUB
082 ## - DEWEY DECIMAL CLASSIFICATION NUMBER
Classification number 355.033051
100 ## - MAIN ENTRY--PERSONAL NAME
Personal name Prashant Kumar Singh
245 ## - TITLE STATEMENT
Title Changing contexts of chinese military strategy and doctrine /
Statement of responsibility, etc by Prashant Kumar Singh
260 ## - PUBLICATION, DISTRIBUTION, ETC. (IMPRINT)
Place of publication, distribution, etc New Delhi
Name of publisher, distributor, etc IDSA
Date of publication, distribution, etc 2016
270 ## - ADDRESS
Address N0-1 Development enclave Rao Tula ram marg,Delhi Cantt
City New Delhi
Postal code 110010
300 ## - PHYSICAL DESCRIPTION
Extent 174p.
Dimensions 23cm(pbk)
490 ## - SERIES STATEMENT
Series statement IDSA Monograph series N0-49 March 2016
942 ## - ADDED ENTRY ELEMENTS (KOHA)
Source of classification or shelving scheme Dewey Decimal Classification
Item type English Books
Classification part 355.02180954
Call number suffix PRA
Holdings
Withdrawn status Lost status Not for loan Collection code Home library Current library Date acquired Source of acquisition Cost, normal purchase price Full call number Barcode Copy number Cost, replacement price Koha item type
      Non-fiction Shahdara Branch Shahdara Branch 08/08/2016 DBAD/PUB 325.00 355.02180954 PRA EN-99207 1 325.00 English Books

© Delhi Public Library
Hit Counter
free hit counter